Journal of Criminology (formerly Australian and New Zealand Journal of Criminology)

Bibliographic Details
Format: eBook
Language:English
Subjects:
Online Access:Acceso restringido

MARC

LEADER 00000nam a22000007a 4500
005 20211013230634.0
007 cr|||| ||||
008 211013c19689999gb qr|w s|||| 0|||b1eng d
022 |a 0004-8658 
035 |a 33776 
040 |a vLex 
090 |c 12555  |d 12555 
245 0 0 |a Journal of Criminology  |h [Recurso electrn̤ico] :  |b (formerly Australian and New Zealand Journal of Criminology) 
256 |a Servicio en ln̕ea 
300 |a 1 recurso electrn̤ico 
310 |a Trimestral 
362 |a Nð 1-1 (Mar. 1968) - 
506 1 |a Disponible solo en los productos indicados  |d vLex Global  |d vLex Global (Academic Edition, excluding Law Schools)  |d vLex Global (U.S. Academic Edition, Law Schools)  |d vLex Global (U.S. Academic Edition, excluding Law Schools)  |d vLex Global (Academic Edition, Law Schools) 
650 0 4 |a Derecho Penal  |z Reino Unido 
740 0 |a vLex Revistas (Servicio en ln̕ea) 
856 4 0 |u https://app.vlex.com/#/sources/33776  |z Acceso restringido 
942 |c REV 
999 0 |a Criminal law